00307nam a2200121 a 450008200160000010000270001624500190004326000380006230000080010050000350010865000150014370000270015800a297.86bAHM aGhulam, Ahmed Qadiyani aSiraj-E-muneer aLahore bAhmadiyya Anjuman c1897 a92p aincludes index and biblioraphy aAhmadiyyah1 aGhulam, Ahmed Qadiyani